000 00341nam a2200121 a 4500
005 20140414132053.0
008 110714s19uu xx 00 eng d
050 _aER
_bW72 2000
100 _aWinkelman, Barbara Gaines
245 _aDon't be scared, Piglet and roo!.
260 _aUnited State of America :
_bGrolier,
_c2000.
999 _c114227
_d114227